Alfred Beit, (Record no. 123983)
[ view plain ]
| 000 -LEADER | |
|---|---|
| fixed length control field | 00767cam a22002411 4500 |
| 001 - CONTROL NUMBER | |
| control field | 7349623 |
| 003 - CONTROL NUMBER IDENTIFIER | |
| control field | ARRUPE |
| 005 - DATE AND TIME OF LATEST TRANSACTION | |
| control field | 20160121091658.0 |
| 008 - FIXED-LENGTH DATA ELEMENTS--GENERAL INFORMATION | |
| fixed length control field | 820225s1932 enkcf 000 0 eng |
| 010 ## - LIBRARY OF CONGRESS CONTROL NUMBER | |
| LC control number | 32024719 |
| 035 ## - SYSTEM CONTROL NUMBER | |
| System control number | (OCoLC)8193255 |
| 040 ## - CATALOGING SOURCE | |
| Original cataloging agency | DLC |
| Transcribing agency | ViU |
| Modifying agency | DLC |
| 042 ## - AUTHENTICATION CODE | |
| Authentication code | premarc |
| 050 00 - LIBRARY OF CONGRESS CALL NUMBER | |
| Classification number | DT929.8.B4 |
| Item number | F6 |
| 082 ## - DEWEY DECIMAL CLASSIFICATION NUMBER | |
| Classification number | 923.3682 |
| 300 ## - PHYSICAL DESCRIPTION | |
| Other physical details | plates, 2 port. (incl. front.) |
| Dimensions | 22 cm. |
| 100 1# - MAIN ENTRY--PERSONAL NAME | |
| Personal name | Fort, George Seymour, |
| Dates associated with a name | 1858- |
| 9 (RLIN) | 9664 |
| 245 00 - TITLE STATEMENT | |
| Title | Alfred Beit, |
| Remainder of title | a study of the man and his work, |
| Statement of responsibility, etc | by G. Seymour Fort. With a foreword by J. C. Smuts. |
| 260 ## - PUBLICATION, DISTRIBUTION, ETC. (IMPRINT) | |
| Place of publication, distribution, etc | London, |
| Name of publisher, distributor, etc | Nicholson & Watson, |
| Date of publication, distribution, etc | 1932. |
| 300 ## - PHYSICAL DESCRIPTION | |
| Extent | 221 p. |
| 600 10 - SUBJECT ADDED ENTRY--PERSONAL NAME | |
| Personal name | Beit, Alfred, |
| Dates associated with a name | 1853-1906. |
| 9 (RLIN) | 9665 |
| 906 ## - LOCAL DATA ELEMENT F, LDF (RLIN) | |
| a | 7 |
| b | cbc |
| c | oclcrpl |
| d | u |
| e | ncip |
| f | 19 |
| g | y-gencatlg |
| 942 ## - ADDED ENTRY ELEMENTS (KOHA) | |
| Source of classification or shelving scheme | Library of Congress Classification |
| Koha item type | Monograph ( Printed materials) |
| Withdrawn status | Lost status | Source of classification or shelving scheme | Damaged status | Not for loan | Collection code | Home library | Current library | Shelving location | Date acquired | Total Checkouts | Full call number | Barcode | Date last seen | Price effective from | Koha item type |
|---|---|---|---|---|---|---|---|---|---|---|---|---|---|---|---|
| Library of Congress Classification | SPECIAL Collection | ARRUPE LIBRARY | ARRUPE LIBRARY | Reference | 21/01/2016 | SPC DT929.5.B4 F6 | 46500005907 | 21/01/2016 | 21/01/2016 | SPC |